| 000 | 00924nam a2200265Ia 4500 | ||
|---|---|---|---|
| 003 | OSt | ||
| 005 | 20220925223458.0 | ||
| 006 | a|||||r|||| 00| 0 | ||
| 007 | ta | ||
| 008 | 220923b |||||||| |||| 00| 0 eng d | ||
| 020 |
_a0415400775 _c3989.0500000000002 |
||
| 037 |
_b348, 29/12/2008, Bharatiya Sahitya Bhavana _cGeneral Book |
||
| 040 |
_aRTL _cRTL _beng |
||
| 041 |
_2eng _aeng |
||
| 082 | _aY9(W81).73.PO, P7 | ||
| 100 |
_aSandole Dennis J.D. _9289789 |
||
| 245 | 0 |
_aPeace and security in the postmodern world _b The OSCE and conflict resolution |
|
| 260 |
_aLondon _bRoutledge _c2007 |
||
| 300 |
_axxv, 260p. _ccm. |
||
| 490 | _aRoutledge Studies In Peace And Conflict Resolution | ||
| 500 | _aBibliography P 218-46 | ||
| 650 | _aGeography | ||
| 942 |
_hY9(W81).73.PO, P7 _cGB _2CC |
||
| 999 |
_c579696 _d579696 |
||